000 00866nam a22002651 4500
001 9389
003 BD-RjUL
005 20211208234753.0
008 140120s1966 nyua b 001 0 eng
035 _a(BD-RjUL)9434
040 _aDLC/ICU
_cICU
_dDLC
_dBD-RjUL
_beng
041 _aeng
082 0 0 _a539.77
_bDES 1966
100 1 _aDearnaley, G.
_q(Geoffrey)
_929092
245 1 0 _aSemiconductor counters for nuclear radiations /
_c[by] G. Dearnaley and D.C. Northrop.
250 _a2d ed., rev. and enl.
260 _aLondon :
_bE. & F. N. Spon,
_cc1963 [Reprint 1966].
300 _axx, 459 p. :
_billus. ;
_c23 cm.
504 _aIncludes bibliographies & Index.
650 0 _aSemiconductor nuclear counters.
_929093
700 1 _aNorthrop, D. C.
_q(David Covell),
_ejoint author.
_929094
942 _2ddc
_cBK
999 _c9389
_d9389